[Event "DEM U12w 2024"]
[Site "Willingen GER"]
[Date "2024.05.23"]
[Round "7"]
[White "Birkenheier, Larissa"]
[Black "Bharathula, Akhila"]
[Result "1/2-1/2"]
[Termination "normal"]
[Board "18"]
[WhiteElo "1501"]
[BlackElo "1420"]
[WhiteClock "00:03:17"]
[BlackClock "00:17:45"]
[PlyCount "95"]
[WhiteFideId "34626379"]
[BlackFideId "34641777"]
[EventCountry "GER"]
[EventRounds "9"]
[EventType "swiss"]
[EventDate "2024.05.18"]

1. e4 {[%clk 01:30:55]} {[%emt 00:00:04]} e5 {[%clk 01:30:54]} {[%emt
00:00:06]} 2. Nf3 {[%clk 01:31:01]} {[%emt 00:00:23]} Nc6 {[%clk 01:31:09]}
{[%emt 00:00:16]} 3. Bc4 {[%clk 01:30:55]} {[%emt 00:00:35]} Bc5 {[%clk
01:31:25]} {[%emt 00:00:15]} 4. d3 {[%clk 01:30:48]} {[%emt 00:00:36]} h6
{[%clk 01:30:36]} {[%emt 00:01:20]} 5. c3 {[%clk 01:30:19]} {[%emt 00:00:58]}
Nf6 {[%clk 01:29:25]} {[%emt 00:01:42]} 6. O-O {[%clk 01:29:07]} {[%emt
00:01:42]} d6 {[%clk 01:29:25]} {[%emt 00:00:30]} 7. b4 {[%clk 01:28:27]}
{[%emt 00:01:10]} Bb6 {[%clk 01:29:10]} {[%emt 00:00:45]} 8. a4 {[%clk
01:27:39]} {[%emt 00:01:17]} a6 {[%clk 01:29:09]} {[%emt 00:00:32]} 9. Nbd2
{[%clk 01:26:08]} {[%emt 00:02:01]} O-O {[%clk 01:28:11]} {[%emt 00:01:28]} 10.
Re1 {[%clk 01:24:55]} {[%emt 00:01:41]} Be6 {[%clk 01:22:59]} {[%emt 00:05:45]}
11. Bxe6 {[%clk 01:19:50]} {[%emt 00:05:34]} fxe6 {[%clk 01:23:24]} {[%emt
00:00:05]} 12. Nc4 {[%clk 01:19:13]} {[%emt 00:01:07]} Ba7 {[%clk 01:21:13]}
{[%emt 00:02:41]} 13. Bb2 {[%clk 01:14:37]} {[%emt 00:05:06]} Qe8 {[%clk
01:19:23]} {[%emt 00:02:20]} 14. d4 {[%clk 01:03:34]} {[%emt 00:11:32]} exd4
{[%clk 01:18:14]} {[%emt 00:01:39]} 15. cxd4 {[%clk 01:03:13]} {[%emt
00:00:51]} Nxb4 {[%clk 01:16:49]} {[%emt 00:01:56]} 16. Qb3 {[%clk 00:58:52]}
{[%emt 00:04:50]} b5 {[%clk 01:08:17]} {[%emt 00:09:03]} 17. Nxd6 {[%clk
00:54:25]} {[%emt 00:04:57]} cxd6 {[%clk 01:08:08]} {[%emt 00:00:38]} 18. Qxb4
{[%clk 00:54:29]} {[%emt 00:00:27]} Qd7 {[%clk 01:06:03]} {[%emt 00:02:36]} 19.
axb5 {[%clk 00:51:36]} {[%emt 00:03:22]} axb5 {[%clk 01:04:49]} {[%emt
00:01:43]} 20. e5 {[%clk 00:50:01]} {[%emt 00:02:05]} dxe5 {[%clk 01:04:15]}
{[%emt 00:01:04]} 21. Nxe5 {[%clk 00:49:44]} {[%emt 00:00:48]} Qd5 {[%clk
01:02:16]} {[%emt 00:02:29]} 22. Ng6 {[%clk 00:48:59]} {[%emt 00:01:15]} Qd7
{[%clk 00:55:58]} {[%emt 00:06:47]} 23. Nxf8 {[%clk 00:47:31]} {[%emt
00:01:58]} Rxf8 {[%clk 00:56:23]} {[%emt 00:00:04]} 24. h3 {[%clk 00:31:59]}
{[%emt 00:16:03]} Nd5 {[%clk 00:52:38]} {[%emt 00:04:15]} 25. Qa3 {[%clk
00:25:29]} {[%emt 00:06:43]} Bb6 {[%clk 00:46:26]} {[%emt 00:06:59]} 26. Rad1
{[%clk 00:20:16]} {[%emt 00:05:42]} Qf7 {[%clk 00:41:33]} {[%emt 00:05:24]} 27.
Qf3 {[%clk 00:17:19]} {[%emt 00:03:26]} Qxf3 {[%emt 00:09:40]} 28. gxf3 {[%emt
00:00:14]} Nc7 {[%clk 00:31:35]} {[%emt 00:00:36]} 29. Kg2 {[%clk 00:16:51]}
{[%emt 00:00:55]} Rf6 {[%clk 00:26:08]} {[%emt 00:06:00]} 30. Re4 {[%clk
00:16:04]} {[%emt 00:01:16]} Nd5 {[%clk 00:22:00]} {[%emt 00:04:37]} 31. Rg4
{[%clk 00:13:35]} {[%emt 00:02:59]} Nf4+ {[%clk 00:21:32]} {[%emt 00:01:00]}
32. Kf1 {[%clk 00:12:25]} {[%emt 00:01:38]} Nxh3 {[%clk 00:21:16]} {[%emt
00:00:48]} 33. d5 {[%clk 00:11:14]} {[%emt 00:01:42]} Nxf2 {[%clk 00:17:05]}
{[%emt 00:04:39]} 34. Bxf6 {[%clk 00:10:36]} {[%emt 00:01:08]} Nxg4 {[%clk
00:15:29]} {[%emt 00:02:07]} 35. fxg4 {[%clk 00:10:49]} {[%emt 00:00:17]} gxf6
{[%clk 00:15:10]} {[%emt 00:00:09]} 36. dxe6 {[%clk 00:11:09]} {[%emt
00:00:50]} Kf8 {[%clk 00:15:07]} {[%emt 00:00:33]} 37. Rb1 {[%clk 00:11:17]}
{[%emt 00:00:21]} Ke7 {[%clk 00:15:14]} {[%emt 00:00:24]} 38. Rxb5 {[%clk
00:11:25]} {[%emt 00:00:21]} Bd4 {[%clk 00:15:34]} {[%emt 00:00:10]} 39. Kg2
{[%clk 00:09:34]} {[%emt 00:02:21]} Kxe6 {[%clk 00:15:40]} {[%emt 00:00:17]}
40. Kf3 {[%clk 00:09:47]} {[%emt 00:00:23]} Kf7 {[%clk 00:15:53]} {[%emt
00:00:19]} 41. Kf4 {[%clk 00:07:31]} {[%emt 00:02:46]} Kg6 {[%clk 00:16:15]}
{[%emt 00:00:08]} 42. Rh5 {[%clk 00:04:21]} {[%emt 00:03:38]} Be5+ {[%clk
00:16:26]} {[%emt 00:00:21]} 43. Ke4 {[%clk 00:04:13]} {[%emt 00:00:37]} Bc3
{[%clk 00:16:39]} {[%emt 00:00:18]} 44. Kd5 {[%clk 00:04:20]} {[%emt 00:00:23]}
Bb2 {[%clk 00:16:58]} {[%emt 00:00:11]} 45. Ke6 {[%clk 00:04:19]} {[%emt
00:00:31]} Bc3 {[%clk 00:17:14]} {[%emt 00:00:15]} 46. Kd5 {[%clk 00:03:05]}
{[%emt 00:01:43]} Be5 {[%clk 00:17:36]} {[%emt 00:00:07]} 47. Ke4 {[%clk
00:03:01]} {[%emt 00:00:33]} Bc3 {[%clk 00:17:45]} {[%emt 00:00:23]} 48. Kd5
{[%clk 00:03:17]} {[%emt 00:00:14]} 1/2-1/2

[Event "DEM U12w 2024"]
[Site "Willingen GER"]
[Date "2024.05.23"]
[Round "7"]
[White "Weyerer, Elea"]
[Black "Baklan, Kira"]
[Result "1-0"]
[Termination "normal"]
[Board "19"]
[WhiteElo "1507"]
[BlackElo "1264"]
[WhiteClock "00:37:58"]
[BlackClock "00:49:26"]
[PlyCount "205"]
[WhiteFideId "34605770"]
[BlackFideId "34186514"]
[EventCountry "GER"]
[EventRounds "9"]
[EventType "swiss"]
[EventDate "2024.05.18"]

1. d4 {[%clk 01:30:56]} {[%emt 00:00:03]} e6 {[%clk 01:30:56]} {[%emt
00:00:05]} 2. Bf4 {[%clk 01:31:02]} {[%emt 00:00:24]} d5 {[%clk 01:31:17]}
{[%emt 00:00:10]} 3. e3 {[%clk 01:31:15]} {[%emt 00:00:16]} Bd6 {[%clk
01:31:37]} {[%emt 00:00:09]} 4. Bg3 {[%clk 01:31:17]} {[%emt 00:00:28]} Nf6
{[%clk 01:31:16]} {[%emt 00:00:51]} 5. Nf3 {[%clk 01:31:33]} {[%emt 00:00:15]}
c5 {[%clk 01:31:11]} {[%emt 00:00:36]} 6. dxc5 {[%clk 01:31:26]} {[%emt
00:00:36]} Bxc5 {[%clk 01:31:34]} {[%emt 00:00:08]} 7. c3 {[%clk 01:30:40]}
{[%emt 00:01:16]} O-O {[%clk 01:30:08]} {[%emt 00:01:55]} 8. Nbd2 {[%clk
01:30:23]} {[%emt 00:00:47]} Nc6 {[%clk 01:29:31]} {[%emt 00:01:07]} 9. Bd3
{[%clk 01:30:18]} {[%emt 00:00:34]} Bd6 {[%clk 01:27:54]} {[%emt 00:02:07]} 10.
Nd4 {[%clk 01:29:09]} {[%emt 00:01:39]} a6 {[%clk 01:24:52]} {[%emt 00:03:33]}
11. Rc1 {[%clk 01:26:40]} {[%emt 00:02:58]} Bxg3 {[%clk 01:17:22]} {[%emt
00:08:01]} 12. hxg3 {[%clk 01:27:00]} {[%emt 00:00:10]} e5 {[%clk 01:17:20]}
{[%emt 00:00:32]} 13. Bxh7+ {[%clk 01:20:47]} {[%emt 00:06:43]} Nxh7 {[%clk
01:15:40]} {[%emt 00:02:09]} 14. Qh5 {[%clk 01:20:51]} {[%emt 00:00:25]} f6
{[%clk 01:14:25]} {[%emt 00:01:47]} 15. Qxh7+ {[%clk 01:20:13]} {[%emt
00:01:07]} Kf7 {[%clk 01:14:49]} {[%emt 00:00:06]} 16. Nf5 {[%clk 01:17:01]}
{[%emt 00:03:42]} Bxf5 {[%clk 01:15:05]} {[%emt 00:00:15]} 17. Qxf5 {[%clk
01:17:24]} {[%emt 00:00:07]} Qd6 {[%clk 01:12:43]} {[%emt 00:02:52]} 18. Nf3
{[%clk 01:09:13]} {[%emt 00:08:39]} Ke7 {[%clk 01:11:37]} {[%emt 00:01:36]} 19.
Rh7 {[%clk 01:07:18]} {[%emt 00:02:23]} Rf7 {[%clk 01:07:07]} {[%emt 00:05:04]}
20. Nh4 {[%clk 01:05:38]} {[%emt 00:02:09]} Qe6 {[%clk 01:02:54]} {[%emt
00:04:44]} 21. Rd1 {[%clk 01:03:19]} {[%emt 00:02:48]} Rg8 {[%clk 00:58:05]}
{[%emt 00:05:19]} 22. Qg6 {[%clk 00:59:30]} {[%emt 00:04:17]} Kf8 {[%clk
00:54:04]} {[%emt 00:04:34]} 23. Qf5 {[%clk 00:58:08]} {[%emt 00:01:47]} Qxf5
{[%clk 00:53:31]} {[%emt 00:01:08]} 24. Nxf5 {[%clk 00:58:31]} {[%emt
00:00:07]} Rd7 {[%clk 00:50:49]} {[%emt 00:03:12]} 25. Nh6 {[%clk 00:57:20]}
{[%emt 00:01:40]} b5 {[%clk 00:48:34]} {[%emt 00:02:46]} 26. Nxg8 {[%clk
00:57:14]} {[%emt 00:00:35]} Kxg8 {[%clk 00:48:57]} {[%emt 00:00:08]} 27. Rh1
{[%clk 00:57:14]} {[%emt 00:00:27]} a5 {[%clk 00:49:22]} {[%emt 00:00:09]} 28.
a3 {[%clk 00:56:33]} {[%emt 00:01:10]} g6 {[%clk 00:49:31]} {[%emt 00:00:20]}
29. Ke2 {[%clk 00:56:07]} {[%emt 00:00:55]} b4 {[%clk 00:48:58]} {[%emt
00:01:05]} 30. axb4 {[%clk 00:55:20]} {[%emt 00:01:17]} axb4 {[%clk 00:49:25]}
{[%emt 00:00:03]} 31. c4 {[%clk 00:55:05]} {[%emt 00:00:44]} d4 {[%clk
00:49:42]} {[%emt 00:00:13]} 32. b3 {[%clk 00:53:34]} {[%emt 00:02:02]} Na5
{[%clk 00:49:44]} {[%emt 00:00:29]} 33. Rb1 {[%clk 00:53:44]} {[%emt 00:00:18]}
d3+ {[%clk 00:50:04]} {[%emt 00:00:11]} 34. Kd2 {[%clk 00:54:08]} {[%emt
00:00:06]} e4 {[%clk 00:47:58]} {[%emt 00:02:35]} 35. Rb2 {[%clk 00:54:26]}
{[%emt 00:00:12]} Nc6 {[%clk 00:47:46]} {[%emt 00:00:43]} 36. Rbb1 {[%clk
00:53:48]} {[%emt 00:01:02]} Ra7 {[%clk 00:46:24]} {[%emt 00:01:51]} 37. Rb2
{[%clk 00:52:38]} {[%emt 00:01:46]} f5 {[%clk 00:45:07]} {[%emt 00:01:47]} 38.
Rd1 {[%clk 00:52:10]} {[%emt 00:00:55]} Rh7 {[%clk 00:44:57]} {[%emt 00:00:44]}
39. Kc1 {[%clk 00:51:14]} {[%emt 00:01:24]} Ne5 {[%clk 00:44:36]} {[%emt
00:00:53]} 40. Ra2 {[%clk 00:50:26]} {[%emt 00:01:05]} Rh2 {[%clk 00:44:33]}
{[%emt 00:00:45]} 41. Rg1 {[%clk 00:49:17]} {[%emt 00:01:36]} Rh7 {[%clk
00:43:57]} {[%emt 00:01:09]} 42. Ra8+ {[%clk 00:49:29]} {[%emt 00:00:19]} Kg7
{[%clk 00:44:13]} {[%emt 00:00:14]} 43. Ra7+ {[%clk 00:49:37]} {[%emt
00:00:20]} Kg8 {[%clk 00:44:15]} {[%emt 00:00:29]} 44. Rxh7 {[%clk 00:49:54]}
{[%emt 00:00:14]} Kxh7 {[%clk 00:44:42]} {[%emt 00:00:03]} 45. Kd2 {[%clk
00:49:59]} {[%emt 00:00:24]} Kg7 {[%clk 00:45:05]} {[%emt 00:00:08]} 46. Ra1
{[%clk 00:49:58]} {[%emt 00:00:30]} Kf7 {[%clk 00:45:09]} {[%emt 00:00:28]} 47.
Ra6 {[%clk 00:49:51]} {[%emt 00:00:35]} Ng4 {[%clk 00:45:05]} {[%emt 00:00:35]}
48. f3 {[%clk 00:48:42]} {[%emt 00:01:39]} Nf6 {[%clk 00:44:49]} {[%emt
00:00:46]} 49. c5 {[%clk 00:48:34]} {[%emt 00:00:38]} Nd5 {[%clk 00:44:31]}
{[%emt 00:00:48]} 50. c6 {[%clk 00:47:54]} {[%emt 00:01:09]} Ke7 {[%clk
00:44:55]} {[%emt 00:00:06]} 51. fxe4 {[%clk 00:44:51]} {[%emt 00:03:33]} fxe4
{[%clk 00:44:38]} {[%emt 00:00:46]} 52. c7 {[%clk 00:45:12]} {[%emt 00:00:10]}
Nxc7 {[%clk 00:44:57]} {[%emt 00:00:11]} 53. Rxg6 {[%clk 00:45:31]} {[%emt
00:00:11]} Ne6 {[%clk 00:45:17]} {[%emt 00:00:10]} 54. Kc1 {[%clk 00:43:48]}
{[%emt 00:02:10]} Nc5 {[%clk 00:45:42]} {[%emt 00:00:08]} 55. Rb6 {[%clk
00:43:06]} {[%emt 00:01:08]} Nxb3+ {[%clk 00:45:34]} {[%emt 00:00:43]} 56. Kd1
{[%clk 00:43:22]} {[%emt 00:00:11]} Nc5 {[%clk 00:45:54]} {[%emt 00:00:13]} 57.
Rxb4 {[%clk 00:43:36]} {[%emt 00:00:15]} Kd6 {[%clk 00:46:17]} {[%emt
00:00:07]} 58. Rd4+ {[%clk 00:43:03]} {[%emt 00:01:01]} Ke5 {[%clk 00:46:32]}
{[%emt 00:00:18]} 59. g4 {[%clk 00:42:21]} {[%emt 00:01:11]} Kf6 {[%clk
00:46:58]} {[%emt 00:00:04]} 60. Rd5 {[%clk 00:41:52]} {[%emt 00:00:53]} Ne6
{[%clk 00:47:25]} {[%emt 00:00:09]} 61. Ke1 {[%clk 00:38:36]} {[%emt 00:03:27]}
Ng5 {[%clk 00:47:46]} {[%emt 00:00:27]} 62. Kf2 {[%clk 00:38:33]} {[%emt
00:00:28]} Ne6 {[%clk 00:47:26]} {[%emt 00:00:57]} 63. Kg3 {[%clk 00:36:07]}
{[%emt 00:02:12]} Ng5 {[%clk 00:47:39]} {[%emt 00:01:01]} 64. Kf4 {[%clk
00:35:46]} {[%emt 00:00:39]} Ke6 {[%clk 00:45:49]} {[%emt 00:02:32]} 65. Ra5
{[%clk 00:35:24]} {[%emt 00:00:43]} d2 {[%clk 00:45:07]} {[%emt 00:01:20]} 66.
Ra1 {[%clk 00:35:36]} {[%emt 00:00:13]} Kf6 {[%clk 00:45:34]} {[%emt 00:00:09]}
67. Rd1 {[%clk 00:35:48]} {[%emt 00:00:07]} Ne6+ {[%clk 00:45:51]} {[%emt
00:00:23]} 68. Kxe4 {[%clk 00:35:29]} {[%emt 00:00:48]} Nc5+ {[%clk 00:46:16]}
{[%emt 00:00:06]} 69. Kd5 {[%clk 00:35:27]} {[%emt 00:00:27]} Nb3 {[%clk
00:46:44]} {[%emt 00:00:08]} 70. Kc4 {[%clk 00:35:19]} {[%emt 00:00:24]} Na5+
{[%clk 00:47:11]} {[%emt 00:00:16]} 71. Kc3 {[%clk 00:34:59]} {[%emt 00:00:46]}
Kg5 {[%clk 00:47:35]} {[%emt 00:00:11]} 72. Rxd2 {[%clk 00:35:11]} {[%emt
00:00:17]} Kxg4 {[%clk 00:48:02]} {[%emt 00:00:03]} 73. Kd4 {[%clk 00:33:51]}
{[%emt 00:01:38]} Nb3+ {[%clk 00:48:26]} {[%emt 00:00:19]} 74. Kd3 {[%clk
00:34:10]} {[%emt 00:00:10]} Nxd2 {[%clk 00:48:44]} {[%emt 00:00:13]} 75. Kxd2
{[%clk 00:34:33]} {[%emt 00:00:07]} Kf5 {[%clk 00:49:12]} {[%emt 00:00:02]} 76.
g3 {[%clk 00:34:43]} {[%emt 00:00:20]} Ke5 {[%clk 00:49:32]} {[%emt 00:00:10]}
77. Kd3 {[%clk 00:35:00]} {[%emt 00:00:12]} Kf5 {[%clk 00:49:58]} {[%emt
00:00:04]} 78. Kd4 {[%clk 00:35:19]} {[%emt 00:00:11]} Ke6 {[%clk 00:50:24]}
{[%emt 00:00:05]} 79. Ke4 {[%clk 00:35:44]} {[%emt 00:00:05]} Kf6 {[%clk
00:50:51]} {[%emt 00:00:03]} 80. Kd5 {[%clk 00:36:09]} {[%emt 00:00:05]} Ke7
{[%emt 00:00:04]} 81. Ke5 {[%emt 00:00:05]} Kf7 {[%emt 00:00:06]} 82. Kd6
{[%emt 00:00:05]} Ke8 {[%emt 00:00:06]} 83. Ke6 {[%emt 00:00:04]} Kf8 {[%emt
00:00:07]} 84. e4 {[%emt 00:00:06]} Ke8 {[%emt 00:00:09]} 85. e5 {[%emt
00:00:07]} Kf8 {[%emt 00:00:04]} 86. Kd7 {[%emt 00:00:05]} Kf7 {[%emt
00:00:04]} 87. e6 {[%emt 00:00:06]} Kf6 {[%clk 00:49:57]} {[%emt 00:00:06]} 88.
e7 {[%clk 00:36:33]} {[%emt 00:00:05]} Kf5 {[%clk 00:50:22]} {[%emt 00:00:06]}
89. e8=Q {[%clk 00:36:56]} {[%emt 00:00:06]} Kg4 {[%clk 00:50:49]} {[%emt
00:00:04]} 90. Qg8+ {[%clk 00:37:20]} {[%emt 00:00:05]} Kh3 {[%clk 00:51:14]}
{[%emt 00:00:05]} 91. g4 {[%clk 00:37:37]} {[%emt 00:00:13]} Kg3 {[%emt
00:00:03]} 92. g5 {[%emt 00:00:04]} Kg4 {[%emt 00:00:05]} 93. g6 {[%emt
00:00:06]} Kg5 {[%emt 00:00:02]} 94. g7 {[%emt 00:00:07]} Kg6 {[%emt 00:00:04]}
95. Qh8 {[%emt 00:00:06]} Kf5 {[%emt 00:00:05]} 96. g8=Q {[%emt 00:00:08]} Kf4
{[%emt 00:00:04]} 97. Qf6+ {[%emt 00:00:08]} Ke3 {[%emt 00:00:05]} 98. Qge6+
{[%emt 00:00:13]} Kd3 {[%emt 00:00:06]} 99. Qff5+ {[%emt 00:00:15]} Kd2 {[%emt
00:00:05]} 100. Qfd5+ {[%emt 00:00:08]} Kc2 {[%emt 00:00:04]} 101. Qec6+ {[%emt
00:00:07]} Kb2 {[%emt 00:00:04]} 102. Qdb5+ {[%emt 00:00:06]} Ka2 {[%clk
00:49:26]} {[%emt 00:00:04]} 103. Qca6# {[%clk 00:37:58]} {[%emt 00:00:09]} 1-0

[Event "DEM U12w 2024"]
[Site "Willingen GER"]
[Date "2024.05.23"]
[Round "7"]
[White "Prasannavenkatesan, Ananya"]
[Black "Briese, Sophie"]
[Result "0-1"]
[Termination "normal"]
[Board "20"]
[WhiteElo "1585"]
[BlackElo "1475"]
[WhiteClock "00:08:42"]
[BlackClock "00:23:55"]
[PlyCount "60"]
[WhiteFideId "34682724"]
[BlackFideId "34660305"]
[EventCountry "GER"]
[EventRounds "9"]
[EventType "swiss"]
[EventDate "2024.05.18"]

1. d4 {[%clk 01:30:59]} d5 {[%clk 01:30:53]} {[%emt 00:00:07]} 2. c4 {[%clk
01:31:18]} {[%emt 00:00:12]} e6 {[%clk 01:31:18]} {[%emt 00:00:05]} 3. Nc3
{[%clk 01:31:26]} {[%emt 00:00:22]} Nf6 {[%clk 01:31:37]} {[%emt 00:00:10]} 4.
Nf3 {[%clk 01:31:46]} {[%emt 00:00:10]} Nbd7 {[%clk 01:30:10]} {[%emt
00:01:56]} 5. a3 {[%clk 01:22:37]} {[%emt 00:09:40]} h6 {[%clk 01:25:33]}
{[%emt 00:05:07]} 6. h3 {[%clk 01:21:08]} {[%emt 00:01:59]} c5 {[%clk
01:21:22]} {[%emt 00:04:41]} 7. e3 {[%clk 01:16:02]} {[%emt 00:05:36]} Be7
{[%clk 01:16:22]} {[%emt 00:05:30]} 8. Bd2 {[%clk 01:14:09]} {[%emt 00:02:23]}
Nb6 {[%clk 01:10:57]} {[%emt 00:05:55]} 9. cxd5 {[%clk 01:13:12]} {[%emt
00:01:27]} exd5 {[%clk 01:09:22]} {[%emt 00:02:05]} 10. Bd3 {[%clk 01:06:45]}
{[%emt 00:06:58]} Be6 {[%clk 01:05:20]} {[%emt 00:04:30]} 11. dxc5 {[%clk
00:43:37]} {[%emt 00:23:39]} Bxc5 {[%clk 01:03:58]} {[%emt 00:01:52]} 12. Rc1
{[%clk 00:35:49]} {[%emt 00:08:18]} Bd6 {[%clk 00:58:17]} {[%emt 00:06:07]} 13.
Nb5 {[%clk 00:29:51]} {[%emt 00:06:32]} a6 {[%clk 00:53:22]} {[%emt 00:05:25]}
14. Nxd6+ {[%clk 00:29:34]} {[%emt 00:00:46]} Qxd6 {[%clk 00:53:36]} {[%emt
00:00:17]} 15. Bb4 {[%clk 00:27:50]} {[%emt 00:02:15]} Qd8 {[%clk 00:49:05]}
{[%emt 00:04:57]} 16. Ba5 {[%clk 00:27:24]} {[%emt 00:01:00]} Nfd7 {[%clk
00:46:04]} {[%emt 00:03:31]} 17. Nd4 {[%clk 00:21:16]} {[%emt 00:06:37]} O-O
{[%clk 00:42:03]} {[%emt 00:04:31]} 18. O-O {[%clk 00:16:24]} {[%emt 00:05:22]}
Qg5 {[%clk 00:39:20]} {[%emt 00:03:13]} 19. Qf3 {[%clk 00:16:25]} {[%emt
00:00:29]} Ne5 {[%clk 00:38:15]} {[%emt 00:01:35]} 20. Qe2 {[%clk 00:12:14]}
{[%emt 00:04:41]} Bxh3 {[%clk 00:37:09]} {[%emt 00:01:36]} 21. f4 {[%clk
00:11:43]} {[%emt 00:01:01]} Qxg2+ {[%clk 00:32:00]} {[%emt 00:05:39]} 22. Qxg2
{[%clk 00:12:02]} {[%emt 00:00:11]} Bxg2 {[%clk 00:32:02]} {[%emt 00:00:27]}
23. Kxg2 {[%clk 00:12:17]} {[%emt 00:00:15]} Nxd3 {[%clk 00:32:12]} {[%emt
00:00:21]} 24. Rcd1 {[%clk 00:12:27]} {[%emt 00:00:18]} Nxb2 {[%clk 00:32:27]}
{[%emt 00:00:17]} 25. Rb1 {[%clk 00:12:47]} {[%emt 00:00:10]} N6c4 {[%clk
00:31:25]} {[%emt 00:01:32]} 26. Bb4 {[%clk 00:12:01]} {[%emt 00:01:16]} Rfe8
{[%clk 00:30:23]} {[%emt 00:01:33]} 27. Nc2 {[%clk 00:10:58]} {[%emt 00:01:32]}
Nd3 {[%clk 00:25:21]} {[%emt 00:05:32]} 28. Rf3 {[%clk 00:09:37]} {[%emt
00:01:51]} Nxb4 {[%clk 00:25:05]} {[%emt 00:00:46]} 29. Nxb4 {[%clk 00:09:50]}
{[%emt 00:00:18]} Nd2 {[%clk 00:24:14]} {[%emt 00:01:20]} 30. Rd1 {[%clk
00:08:42]} {[%emt 00:01:37]} Nxf3 {[%clk 00:23:55]} {[%emt 00:00:49]} 0-1

[Event "DEM U12w 2024"]
[Site "Willingen GER"]
[Date "2024.05.23"]
[Round "7"]
[White "Alnajjar, Sara"]
[Black "Haidekker, Ailis"]
[Result "0-1"]
[Termination "normal"]
[Board "21"]
[WhiteElo "1194"]
[BlackElo "1224"]
[WhiteClock "00:37:25"]
[BlackClock "00:21:53"]
[PlyCount "68"]
[WhiteFideId "34668659"]
[BlackFideId "34649263"]
[EventCountry "GER"]
[EventRounds "9"]
[EventType "swiss"]
[EventDate "2024.05.18"]

1. e4 {[%clk 01:30:58]} {[%emt 00:00:02]} e5 {[%clk 01:30:59]} {[%emt
00:00:02]} 2. Nf3 {[%clk 01:30:50]} {[%emt 00:00:37]} Nc6 {[%clk 01:31:22]}
{[%emt 00:00:07]} 3. d4 {[%clk 01:30:58]} {[%emt 00:00:21]} exd4 {[%clk
01:31:18]} {[%emt 00:00:35]} 4. Bc4 {[%clk 01:29:58]} {[%emt 00:01:30]} Nf6
{[%clk 01:29:17]} {[%emt 00:02:32]} 5. e5 {[%clk 01:28:00]} {[%emt 00:02:26]}
d5 {[%clk 01:27:37]} {[%emt 00:02:11]} 6. Bb5 {[%clk 01:26:03]} {[%emt
00:02:27]} Ne4 {[%clk 01:26:55]} {[%emt 00:01:13]} 7. Nxd4 {[%clk 01:24:55]}
{[%emt 00:01:35]} Bd7 {[%clk 01:26:47]} {[%emt 00:00:40]} 8. Bxc6 {[%clk
01:23:37]} {[%emt 00:01:48]} Bxc6 {[%clk 01:27:01]} {[%emt 00:00:17]} 9. Nxc6
{[%clk 01:23:44]} {[%emt 00:00:22]} bxc6 {[%clk 01:27:23]} {[%emt 00:00:08]}
10. O-O {[%clk 01:23:20]} {[%emt 00:00:53]} Bc5 {[%clk 01:26:32]} {[%emt
00:01:23]} 11. b3 {[%clk 01:19:22]} {[%emt 00:04:26]} O-O {[%clk 01:15:43]}
{[%emt 00:11:20]} 12. Bb2 {[%clk 01:18:32]} {[%emt 00:01:17]} Qd7 {[%clk
01:02:38]} {[%emt 00:13:38]} 13. Bd4 {[%clk 01:04:24]} {[%emt 00:14:37]} Bxd4
{[%emt 00:04:56]} 14. Qxd4 {[%clk 01:01:16]} {[%emt 00:03:34]} c5 {[%clk
00:55:44]} {[%emt 00:03:03]} 15. Qe3 {[%clk 00:59:02]} {[%emt 00:02:43]} Rae8
{[%clk 00:48:24]} {[%emt 00:07:51]} 16. f3 {[%clk 00:58:54]} {[%emt 00:00:38]}
Nd6 {[%clk 00:44:57]} {[%emt 00:03:58]} 17. Qxc5 {[%clk 00:56:56]} {[%emt
00:02:26]} Rxe5 {[%clk 00:34:48]} {[%emt 00:10:39]} 18. Qxa7 {[%clk 00:55:40]}
{[%emt 00:01:47]} Qc6 {[%clk 00:32:13]} {[%emt 00:03:05]} 19. Qf2 {[%clk
00:51:53]} {[%emt 00:04:13]} Rfe8 {[%clk 00:31:00]} {[%emt 00:01:47]} 20. a4
{[%clk 00:41:13]} {[%emt 00:11:10]} Re2 {[%clk 00:28:40]} {[%emt 00:02:50]} 21.
Qd4 {[%clk 00:37:38]} {[%emt 00:04:04]} Qxc2 {[%clk 00:26:18]} {[%emt
00:02:53]} 22. Rf2 {[%clk 00:35:12]} {[%emt 00:02:55]} Rxf2 {[%clk 00:26:22]}
{[%emt 00:00:26]} 23. Qxf2 {[%clk 00:35:14]} {[%emt 00:00:28]} Qd1+ {[%clk
00:26:11]} {[%emt 00:00:42]} 24. Qf1 {[%clk 00:35:17]} {[%emt 00:00:26]} Re1
{[%clk 00:23:06]} {[%emt 00:03:36]} 25. Kf2 {[%clk 00:35:43]} {[%emt 00:00:03]}
Rxf1+ {[%clk 00:23:07]} {[%emt 00:00:29]} 26. Kg3 {[%clk 00:36:11]} {[%emt
00:00:02]} Nf5+ {[%clk 00:22:23]} {[%emt 00:01:15]} 27. Kg4 {[%clk 00:35:50]}
{[%emt 00:00:51]} Qd4+ {[%clk 00:22:25]} {[%emt 00:00:27]} 28. Kxf5 {[%clk
00:36:06]} {[%emt 00:00:13]} Qxa1 {[%clk 00:22:44]} {[%emt 00:00:12]} 29. Nd2
{[%clk 00:36:15]} {[%emt 00:00:21]} Rd1 {[%clk 00:21:42]} {[%emt 00:01:33]} 30.
Ne4 {[%clk 00:36:27]} {[%emt 00:00:18]} dxe4 {[%clk 00:22:03]} {[%emt
00:00:10]} 31. Kxe4 {[%clk 00:36:51]} {[%emt 00:00:04]} Qd4+ {[%clk 00:22:02]}
{[%emt 00:00:32]} 32. Kf5 {[%clk 00:37:18]} {[%emt 00:00:03]} g6+ {[%clk
00:21:12]} {[%emt 00:01:20]} 33. Kg5 {[%clk 00:37:36]} {[%emt 00:00:11]} f6+
{[%clk 00:21:36]} {[%emt 00:00:07]} 34. Kh6 {[%clk 00:37:25]} {[%emt 00:00:41]}
Qh4# {[%clk 00:21:53]} {[%emt 00:00:09]} 0-1